Statistics for Subnautica: All Biomes

Click here to take the quiz!

General Stats

  • This quiz has been taken 296 times
  • The average score is 17 of 23

Answer Stats

Depth/Water ColorBiome% Correct
0 – 80mSafe Shallows
94%
550 – 1,000mLost River
91%
≥ 0 – 370mCrash Zone
90%
0 – 160mKelp Forest
88%
0 8,000mCrater Edge
85%
65 – 400mDunes
82%
425 – 630mDeep Grand Reef
79%
1,300 – 1,500mLava Lakes
78%
140 – 480mBulb Zone
77%
75 – 250mMushroom Forest
77%
200 – 580mBlood Kelp Zone
76%
150 – 480mGrand Reef
76%
900 – 1,300mInactive Lava Zone
76%
0 – 500mMountains
76%
≥ 0mFloating Island
75%
40 – 310mSparse Reef
65%
50 – 170mGrassy Plateaus
59%
≥ 0mMountain Island
59%
170 – 360mSea Treader’s Path
58%
35 – 500mUnderwater Islands
57%
125 – 460mCrag Field
55%
150 – 675mBlood Kelp Trench
51%
180 – 300mJellyshroom Caves
50%

Score Distribution

Percentile by Number Answered

Percent of People with Each Score

Your Score History

You have not taken this quiz